Municípios da ilha de Marajó - Statistics

Estatísticas Gerais
  • Esse quiz foi jogado 10 vezes
  • A pontuação média é 5 de 16
Estatísticas das Respostas
Município % Correto
Soure
67%
Breves
56%
Afuá
44%
Cachoeira do Arari
44%
Curralinho
44%
Salvaterra
44%
Bagre
33%
Chaves
33%
São Sebastião da Boa Vista
33%
Anajás
22%
Melgaço
22%
Muaná
22%
Ponta de Pedras
22%
Portel
22%
Santa Cruz do Arari
22%
Gurupá
11%
Nenhum quiz correspondente encontrado
Distribuição das Pontuações
Porcentagem de Pessoas com Cada Pontuação
Percentil de Números Respondidos
Sua Pontuação Histórica
Você não jogou esse quiz